Totálna syntéza jaspínu B

Gespeichert in:
Bibliographische Detailangaben
1. Verfasser: Gavenda, Michal (Verfasst von)
Weitere Verfasser: Koóš, Peter (Betreuung Doktorarbeit)
Format: Manuskript Buch
Sprache:Slowakisch
Veröffentlicht: 2018
Schlagworte:
Online-Zugang:http://is.stuba.sk/zp/portal_zp.pl?podrobnosti=126550
Tags: Tag hinzufügen
Keine Tags, Fügen Sie das erste Tag hinzu!

MARC

LEADER 00000ntm a22000003a 4500
001 stuzp69890
003 SK-STU
005 20180623211135.5
007 ta
008 150427s2015----xo-----f-mn---000-0-slo-d
040 |a STU  |b slo 
041 0 |a slo 
100 1 |a Gavenda, Michal  |u 048140  |4 aut  |U FCHPT Ústav organickej chémie, katalýzy a petrochémie  |T FCHPT Oddelenie organickej chémie  |X 81923  |U C8140  |Y 124  |7 81923 
242 0 1 |a Total Synthesis of Jaspine B  |y eng 
245 1 0 |a Totálna syntéza jaspínu B 
260 |c 2018 
650 4 |a Pd(II)-katalyzovaná oxykarbonylácia  |2 slo 
650 4 |a Jaspín B  |2 slo 
650 4 |a chiral pool syntéza  |2 slo 
650 4 |a Jaspine B,  |2 eng 
650 4 |a Pd(II)-catalysed oxycarbonylation,  |2 eng 
650 4 |a chiral pool synthesis  |2 eng 
700 1 |a Koóš, Peter  |u 048140  |k Z1  |4 ths  |U FCHPT Ústav organickej chémie, katalýzy a petrochémie  |T FCHPT Oddelenie organickej chémie  |X 42566  |U C8140  |Y 124  |7 A000042566 
856 4 |u http://is.stuba.sk/zp/portal_zp.pl?podrobnosti=126550